Wally McDoogle Series Quiz Stats

 Plays Quiz not verified by Sporcle

Challenge
Share
Tweet
Embed
Score 0/28 Timer 05:00
0 Plays Today
Title ending % Correct
a Smashed Burrito with Extra Hot Sauce
71.4%
Alien Monster Bait
57.1%
a Torpedo Test Target
57.1%
a Blundering Ballerina
57.1%
a Screaming Skydiver
57.1%
Crocodile Junk Food
42.9%
Dinosaur Dental Floss
42.9%
an Afterthought Astronaut
42.9%
Reindeer Road Kill
42.9%
a Toasted Time Traveler
42.9%
Polluted Pond Scum
42.9%
a Bigfoot Breath Mint
42.9%
a Human Hairball
42.9%
a Walrus Whoopee Cushion
42.9%
Title ending % Correct
a Broken Bungee Cord
28.6%
a Human Hockey Puck
28.6%
a Beat-up Basketball Backboard
28.6%
a Cowboy Cowpie
28.6%
a Tarantula Toe Tickler
28.6%
a Splatted Flat Quarterback
28.6%
a Haunted Hamburger, Hold the Pickles
28.6%
a Mixed-Up Millennium Bug
14.3%
Invisible Intestines (with Intense Indigestion)
14.3%
a Skysurfing Skateboarder
14.3%
a Prickly Porcupine from the Planet Pluto
14.3%
a Belching Baboon with Bad Breath
14.3%
a Stupendously Stomped Soccer Star
14.3%
a Supersized Superhero with Slobber
14.3%

You're not logged in!

Compare scores with friends on all Sporcle quizzes.
OR
Log In

You Might Also Like...

Show Comments

Extras

Created Jun 30, 2011SourceReportNominate
Tags:Book Quiz, ending, life, start, wally

Top Quizzes Today


Score Distribution

Your Account Isn't Verified!

In order to create a playlist on Sporcle, you need to verify the email address you used during registration. Go to your Sporcle Settings to finish the process.

Report this User

Report this user for behavior that violates our Community Guidelines.

Details: